වනලිය /

Saved in:
Bibliographic Details
Main Author: පෙරේරා, හර්ෂ
Format: Book
Language:English
Sinhalese
Published: මොරටුව : කර්තෘ , 2025.
Subjects:
Tags: Add Tag
No Tags, Be the first to tag this record!

MARC

LEADER 00000nam a22000007a 4500
003 LK-ApPL
005 20260421104425.0
008 260421b |||||||| |||| 00| 0 eng d
020 |a 9786249890602 
040 |a LK-ApPL  |b sin  |d LK-ApPL 
041 |a sin 
082 |2 23  |a 891.483  |b පෙරේරා  
100 |a පෙරේරා, හර්ෂ 
245 |a වනලිය /  |c හර්ෂ පෙරේරා 
260 |a මොරටුව :  |b කර්තෘ ,  |c 2025. 
300 |a පි. 120 :  |c සෙ.මි.21 
650 0 |a නවකතා  
942 |c LBK 
999 |c 24363  |d 24363